000 00953nam a22002777a 4500
001 BR8803245
003 BR-BrBNA
005 20230928092921.0
007 ta
008 230509b bl.||||| |||| 00| 0 por d
040 _aBR-BrBNA
_bpor
_cBiblioteca Nacional de Agricultura
041 _a(Por)
072 _aP10
_b/G514
090 _ P10 BR8803245
110 1 _aAssociacao Brasileira de Engenharia Sanitaria Ambiental, Rio de Janeiro, RJ (Brasil)
_9285
111 1 _a13. Congresso Brasileiro de Engenharia Sanitaria e Ambiental
_cMaceio, AL (Brazil)
_d18-23 Aug 1985
245 1 _aAnais do 13. Congresso Brasileiro de Engenharia Sanitaria e Ambiental. v. 2. Resumos dos trabalhos tecnicos
260 3 _aRio de Janeiro, RJ (Brasil):
_c1985.
300 _a512 p.
500 _aSummary only
650 _aRECURSO HIDRICO
650 _aSANEAMENTO RURAL
650 _aABASTECIMENTO DE AGUA
909 _a202309
_bLucia
_c55
_dLucia Elande
942 _cBK
999 _c41973
_d41973